[Event "Oskarja Memorial 10th"]
[Site "Chess.com INT"]
[Date "2021.01.16"]
[Round "13"]
[White "Surbek, Bozidar"]
[Black "Slejko, Vladimir"]
[Result "0-1"]
[WhiteElo "1649"]
[BlackElo "1894"]
[PlyCount "62"]
[EventDate "2021.01.16"]
[EventType "swiss (blitz)"]
[EventRounds "15"]
[EventCountry "SLO"]
[SourceTitle "CBM 200 Extra"]
[Source "ChessBase"]
[SourceDate "2021.03.31"]
[SourceVersion "1"]
[SourceVersionDate "2021.03.31"]
[SourceQuality "1"]

1. d4 b6 2. c4 Bb7 3. Nc3 a6 4. e4 d6 5. Nf3 Nd7 6. Bd3 e6 7. 0-0 h6 8. Re1 g5 9. d5 e5 10. Qa4 Bg7 11. Be3 Ngf6 12. Nd2 0-0 13. Qc2 Nh5 14. Ne2 Nf4 15. Bxf4 exf4 16. g3 fxg3 17. fxg3 Ne5 18. Rf1 Nxd3 19. Qxd3 Bxb2 20. Rab1 Bg7 21. Rf3 Qe7 22. Rbf1 Rae8 23. Nd4 Bxd4+ 24. Qxd4 Qe5 25. Qe3 Bc8 26. Rf6 Kg7 27. h4 Bh3 28. R1f2 Bg4 29. hxg5 hxg5 30. R6f5 Bxf5 31. Rxf5 Qxf5 0-1

[Event "SLO-ch op"]
[Site "Ljubljana"]
[Date "2014.07.06"]
[Round "3"]
[White "Kersic, Matej"]
[Black "Slejko, Vladimir"]
[Result "1-0"]
[WhiteElo "2174"]
[BlackElo "1892"]
[PlyCount "67"]
[EventDate "2014.07.04"]
[EventType "swiss"]
[EventRounds "9"]
[EventCountry "SLO"]
[SourceTitle "EXT 2019"]
[Source "ChessBase"]
[SourceDate "2018.10.10"]
[SourceVersion "1"]
[SourceVersionDate "2018.10.10"]
[SourceQuality "1"]

1. e4 b6 2. d4 Bb7 3. Bd3 e6 4. Ne2 d6 5. c4 Nd7 6. Nbc3 a6 7. 0-0 Ngf6 8. Ng3 h5 9. Re1 h4 10. Nf1 c5 11. d5 Ne5 12. Be2 Qc7 13. Rb1 Be7 14. Be3 Bc8 15. f4 Ng6 16. dxe6 fxe6 17. Bf3 0-0 18. e5 Rb8 19. exf6 Rxf6 20. g3 b5 21. b3 Bb7 22. Nd2 b4 23. Nce4 Rff8 24. Nf2 e5 25. Bxb7 Rxb7 26. Qg4 exf4 27. Qxg6 hxg3 28. hxg3 fxe3 29. Rxe3 Bf6 30. Nf3 Rbb8 31. Ne4 Bd4 32. Nxd4 cxd4 33. Ng5 Rf6 34. Qh7+ 1-0

[Event "SLO-ch op"]
[Site "Ljubljana"]
[Date "2014.07.04"]
[Round "1"]
[White "Spalir, Jernej"]
[Black "Slejko, Vladimir"]
[Result "1-0"]
[WhiteElo "2289"]
[BlackElo "1892"]
[PlyCount "99"]
[EventDate "2014.07.04"]
[EventType "swiss"]
[EventRounds "9"]
[EventCountry "SLO"]
[SourceTitle "EXT 2019"]
[Source "ChessBase"]
[SourceDate "2018.10.10"]
[SourceVersion "1"]
[SourceVersionDate "2018.10.10"]
[SourceQuality "1"]

1. d4 b6 2. c4 Bb7 3. Nc3 g6 4. e4 Bg7 5. Nf3 h6 6. Be2 e6 7. Bf4 d6 8. 0-0 g5 9. Be3 g4 10. Nd2 h5 11. f3 Qh4 12. g3 Qe7 13. fxg4 hxg4 14. Bxg4 Nc6 15. d5 Ne5 16. Qa4+ Qd7 17. dxe6 fxe6 18. Bxe6 Qxa4 19. Nxa4 Nf6 20. Bf4 Nxe4 21. Nxe4 Bxe4 22. Bd5 Bxd5 23. Bxe5 Bxe5 24. cxd5 0-0-0 25. Rf7 Rd7 26. Rxd7 Kxd7 27. Kg2 Rh5 28. Rd1 c5 29. Nc3 a6 30. Rd2 b5 31. h4 c4 32. a3 Rf5 33. Ne2 Kc7 34. Nd4 Rf7 35. Nf3 Bh8 36. g4 Kb6 37. g5 a5 38. g6 Rf5 39. Kg3 Bg7 40. Kg4 Rf6 41. h5 Bh6 42. Ng5 Rf1 43. Rg2 b4 44. axb4 axb4 45. Nf7 Bg7 46. h6 Rxf7 47. gxf7 Bxh6 48. Kh5 Bf8 49. Rg8 c3 50. bxc3 1-0

[Event "SLO-ch 23rd"]
[Site "Sentjur"]
[Date "2013.04.06"]
[Round "1.34"]
[White "Marn, Jan"]
[Black "Slejko, Vladimir"]
[Result "0-1"]
[WhiteElo "1384"]
[BlackElo "1942"]
[PlyCount "142"]
[EventDate "2013.04.06"]
[EventType "swiss"]
[EventRounds "9"]
[EventCountry "SLO"]
[SourceTitle "CBM 153 Extra"]
[Source "ChessBase"]
[SourceDate "2013.04.22"]
[SourceVersion "1"]
[SourceVersionDate "2013.04.22"]
[SourceQuality "1"]

1. e4 b6 2. d4 Bb7 3. Nc3 g6 4. Nf3 h6 5. Bc4 e6 6. 0-0 d6 7. Re1 a6 8. Bf4 Nd7 9. d5 e5 10. Be3 Bg7 11. Qd2 Ngf6 12. Rad1 Qe7 13. h3 Nh5 14. Qd3 b5 15. Bb3 0-0 16. Qd2 Kh7 17. Nh2 f5 18. f3 Rf6 19. exf5 gxf5 20. Bf2 Rg6 21. a3 Rg8 22. Kh1 Bf6 23. Rg1 Bg5 24. Qe1 Ndf6 25. Ne2 Qf7 26. h4 Bxd5 27. Bxd5 Nxd5 28. hxg5 hxg5 29. Rf1 Rh6 30. Kg1 c5 31. Qd2 Nhf4 32. Ng3 Rh8 33. Rfe1 Kg8 34. Nhf1 Qh7 35. Be3 Rh1+ 36. Kf2 Rh6 37. Bxf4 Nxf4 38. Re3 Qf7 39. c3 c4 40. Qc2 Nd3+ 41. Rexd3 cxd3 42. Qxd3 e4 43. Qd5 e3+ 44. Ke2 f4 45. Nf5 Re6 46. Nxd6 Qe7 47. Nf5 Qf7 48. Nd6 Qe7 49. Ne4 Rh5 50. g4 fxg3 51. Nfxg3 Rh2+ 52. Kxe3 Kh8 53. Nf5 Qa7+ 54. Qd4+ Qxd4+ 55. Nxd4 Rg6 56. Rg1 Rxb2 57. Nf5 Re6 58. Rxg5 Rb3 59. Kf4 Rxa3 60. Rg7 Ra4 61. Kg5 Ra1 62. Ned6 Rxd6 63. Nxd6 Kxg7 64. f4 Rd1 65. Nf5+ Kf8 66. Nh6 a5 67. f5 a4 68. f6 a3 69. Kg6 a2 70. f7 a1Q 71. Ng4 Rg1 0-1

[Event "SLO-chT2 West"]
[Site "Postojna"]
[Date "2009.10.25"]
[Round "4.3"]
[White "Urbanc, Vinko"]
[Black "Slejko, Vladimir"]
[Result "1-0"]
[WhiteElo "1919"]
[BlackElo "1989"]
[PlyCount "63"]
[EventDate "2009.10.23"]
[EventType "team-tourn"]
[EventRounds "9"]
[EventCountry "SLO"]
[SourceTitle "EXT 2010"]
[Source "ChessBase"]
[SourceDate "2010.11.25"]
[SourceVersion "1"]
[SourceVersionDate "2010.11.25"]
[SourceQuality "1"]
[WhiteTeam "Trzin"]
[BlackTeam "Postojna"]
[WhiteTeamCountry "SLO"]
[BlackTeamCountry "SLO"]

1. e4 g6 2. d4 Bg7 3. Nf3 b6 4. c4 Bb7 5. Nc3 d6 6. Bd3 Nd7 7. 0-0 Ngf6 8. h3 a6 9. Re1 0-0 10. Bg5 h6 11. Be3 Kh7 12. Nh2 e5 13. f4 exd4 14. Bxd4 Nc5 15. Nd5 Nxd3 16. Qxd3 Re8 17. Rad1 h5 18. Nf3 c5 19. Ng5+ Kg8 20. Nxf6+ Bxf6 21. Bxf6 Qxf6 22. Qxd6 Qxb2 23. Qc7 Qf6 24. Qxb7 Qxf4 25. Nf3 Reb8 26. Qe7 Re8 27. Qg5 Rxe4 28. Qxf4 Rxf4 29. Ne5 Ra7 30. g3 Rf5 31. Nc6 Rc7 32. Ne7+ 1-0